00314nam a22000857a 4500082002100000245010500021260003700126300005700163563000800220 a344.0095491bPLC aPakistan Labour Cases 2016 :bPLC /cFounded by Malik Mir Muhammad and Edited by H. B. Tanvir et all aLahore :bPLD Publishers,c2016. aVol: 1. 539, Vol: 2. 574 and Vol: 3. 772 p. ;c23cm. aHB.